| 000 | 00821nam a2200217Ia 4500 | ||
|---|---|---|---|
| 003 | IN-BaIIA | ||
| 008 | 211028s9999 xx 000 0 eng d | ||
| 040 | _cIIA Library | ||
| 080 |
_a083.8:520.44 _bHEN-1 |
||
| 100 |
_aHenze, William _918855 |
||
| 245 | 0 |
_aUltraviolet spectrometer and polarimeter (UVSP) catalog of observations; vol. I _bexperiments 1-30719 (Febrary 1980 - April 1985) _cWilliam Henze |
|
| 260 |
_aWashington _bNational Aeronautics and Space Administration _c1993 |
||
| 300 | _aiii, 666p. | ||
| 490 | _aNASA contractor report; 4529 | ||
| 650 | _aAstronomy and Astrophysics Thesaurus | ||
| 650 |
_aCatalogue-UVSP _918856 |
||
| 650 |
_aPolarimeter _918857 |
||
| 650 |
_aUltraviolet spectrometer _918858 |
||
| 650 |
_aUVSP Catalogue _918859 |
||
| 942 | _cBK | ||
| 999 |
_c11021 _d11021 |
||